Palestra : commemoració occitana del centenari de la Renaixença catalana commemoració occitana del centenari de la Renaixença catalana
Descripción Física:
32 p. ; 21 cm
MARC
| LEADER | 00000nam a2200000Ia 4500 | ||
|---|---|---|---|
| 001 | 16550 | ||
| 008 | 160829s1933?] xx 000 0 cat d | ||
| 080 | |a RF-14-68 | ||
| 245 | |a Palestra : |b commemoració occitana del centenari de la Renaixença catalana | ||
| 260 | |a [Barcelona : |b Atenes A. G., |c 1933?] | ||
| 300 | |a 32 p. ; |c 21 cm | ||
| 590 | |a A la coberta: 1833-1933 : centenari de la Renaixença catalana. | ||
| 590 | |a Prové de 3884, exp. 272 | ||
| 650 | |a Renaixença |x Occitània |x Centenaris, etc |9 46992 | ||
| 856 | 4 | |u https://media.diba.cat/diba/fitxers/arxiu/fulletons/bib_16550_1933_baixa.pdf |y Accés lliure | |
| 856 | 4 | |u https://media.diba.cat/diba/fitxers/arxiu/fulletons/bib_16550_1933_baixa.pdf |y Accés lliure | |
| 901 | |a Arxiu | ||
| 942 | |n 1 |2 udc | ||
| 952 | |0 0 |1 0 |4 0 |6 RF1468 |7 1 |9 53584 |a Arxiu |b Arxiu |d 2016-12-01 |l 0 |o RF-14-68 |p 16550 |r 2016-12-01 00:00:00 |w 2016-12-01 |y ARXIU | ||
| 999 | |c 57450 |d 57450 | ||
| 900 | |a bib_16550_1933_baixa.pdf | ||